000 00640nam a2200205 i 4500
001 27319
003 ES-MaACL
005 20240605063000.0
007 t|
008 030114s1979 sp ||||1| spa d
100 1 _aAranguren, José Luis L.,
_d1909-1996
_922315
245 1 3 _aLa democracia establecida
_b: una crítica intelectual /
_cJosé Luis L. Aranguren.
260 _aMadrid :
_bTaurus,
_c[1979]
300 _a190 p. ;
_c21 cm.
490 1 _aEnsayistas ;
_v162
830 0 _aEnsayistas ;
_v162
_9177257
852 _aES-MaACL
_jA-9989
_bR.99199
852 _aES-MaACL
_jA-10364
_bR.99262
999 _c27319
_d27319